000 01641nam a22003017a 4500
001 5235
003 FISKH
005 20241120144543.0
008 241120b cb ||||| |||| 00| 0 eng d
020 _a0676971008
040 _aFISKH
_beng
_cFISKH
_dFISKH
050 _aPR9199.A49
082 _a813.54
100 _aDargatz, Gail Anderson
245 _aA Recipe for Bees /
_cby Gail Anderson-Dargatz
260 _aToronto :
_bAlfred A.Knopf Canada ;
_c1998 .
300 _a311 pages :
_billustrations ;
_c23 cm .
505 _aX
520 _aGail Anderson-Dargatz's evocative novel of one woman's simple but passionately lived life reminds of us of the pleasure to be found in human contact and simple, natural things. Raised by her silent but companionable father and a mother who kept bees, headstrong Augusta marries shy, deferential Karl, twelve years her senior, and goes to live with him on his father's remote farm. Terrified that she will literally die from loneliness and isolation, she finds work in town, and for a short time, fulfillment with another man in a romance that will reverberate throughout her life. Not until many years later does she find her salvation in beekeeping, the practice she first learned from her mother. It is beekeeping that reconnects her to the world and at long last brings fire to her steadfast marriage.
521 8 _a890
_bLexile estimate
521 8 _aX
_bRaz-Plus
650 _abeekeeping
_vnon-fiction
650 _aCanadian
_vnon-fiction
650 _aBritish Columbia
_vnon-fiction
700 _aBoyce, Pleuke
_etranslator
942 _2ddc
_cBK
_n0
999 _c5235
_d5235